Presidentes de Comunidades Autónomas: Andalucía - Estadísticas

Estadísticas generales
  • Esta prueba ha sido intentada 60 veces
  • La puntuación promedio es 4 de 6
Estadísticas de respuestas
Período Presidente % Correcto
2019-Act. Juan Manuel Moreno
98%
2013-2019 Susana Díaz
91%
1990-2009 Manuel Chaves
86%
2009-2013 José Antonio Griñán
84%
1984-1990 José Rodríguez de la Borbolla
30%
1982-1984 Rafael Escuredo
23%
No se encontraron pruebas coincidentes
Distribución de puntuación
Porcentaje de gente con cada puntuación
Porcentaje por número respondido
Historial de tus puntuaciones
No has intentado esta prueba.